| 000 | 00753nam a2200217 a 4500 | ||
|---|---|---|---|
| 001 | 000279362 | ||
| 003 | AM-YeHGA | ||
| 005 | 20250618071830.0 | ||
| 008 | 031104s ai 000 | arm d | ||
| 040 | _aAM-YeHGA | ||
| 041 | 0 | _aarm | |
| 100 | 1 |
_aԹառայան, Սեդրակ Ավագի, _d1862-1916 _91140 |
|
| 245 | 1 | 0 |
_aԸնտանիք / _cՍ. Թառայեանց. |
| 250 | _aԵրկրորդ հրատ. | ||
| 260 |
_aԹիֆլիս : _bտպ. Գուտենբերգ, _cԱ. թ. |
||
| 300 |
_a64 էջ ; _c17 սմ. |
||
| 440 | 0 |
_aԸնտանեկան գրադարան _vN 2 |
|
| 501 | _aԱլիգ. 3. Կազմված է՝ Կամարի՝ Կալանաւոր.- Баку, 1909 | ||
| 650 | 1 | 4 |
_aՀայ գրականություն _xՊատմվածք |
| 090 | _c103392 | ||
| 999 |
_c102073 _d102073 |
||